000
00292nam a22001337a 4500
008
170214b xxu||||| |||| 00| 0 eng d
020
_a
9780471155751
041
_a
eng
080
_2
3ED
_a
61
100
_a
4
101
_a
SHM
245
_a
SAMPLING OF POPULATIONS
_c
LEVY.S
942
_2
udc
_c
BK
999
_c
5431
_d
5431